Brawl Stars Esports Teams #2 - Statistics

General Stats
  • This quiz has been taken 106 times
  • The average score is 6 of 16
Answer Stats
Picture Answer % Correct
FUT Esports
100%
Rival Esports
69%
Revenant Esports
60%
AC Milan Qlash
57%
Reject
57%
Pirates
55%
Chasmac Gaming
37%
Nouns Esports
33%
Oceanus Gaming
33%
Reconic Esports
24%
Team Flash
22%
Vatra Gaming
21%
Mystic Esports
16%
Remaining 7
15%
3R Gaming
13%
Fenice
10%
No matching quizzes found
Score Distribution
Percent of People with Each Score
Percentile by Number Answered
Your Score History
You have not taken this quiz